[Event "Match"]
[Site "Astana KAZ"]
[Date "2003.01.11"]
[Round "2"]
[White "Sadvakasov,D"]
[Black "Korchnoi,V"]
[Result "1/2-1/2"]
[WhiteElo "2523"]
[BlackElo "2642"]
[EventDate "2003.01.10"]

1. e4 e5 2. Nf3 Nc6 3. Bb5 a6 4. Ba4 Nf6 5. O-O Nxe4 6. d4 b5 7. Bb3 d5 8.
dxe5 Be6 9. Be3 Be7 10. c3 O-O 11. Nbd2 Bg4 12. Nxe4 dxe4 13. Qd5 Qxd5 14.
Bxd5 exf3 15. Bxc6 fxg2 16. Rfc1 Rab8 17. a4 bxa4 18. Rxa4 Be6 19. b4 Bc4
20. Bxg2 f6 21. Ra5 fxe5 22. Bd5+ Bxd5 23. Rxd5 Rf6 24. Rxe5 Rg6+ 25. Kf1
Bd6 26. Ra5 Bxh2 27. Rca1 Rg1+ 28. Ke2 Rxa1 29. Rxa1 Be5 30. Rxa6 Bxc3 31.
Rc6 Bxb4 32. Rxc7 Rd8 33. Bc5 Ba5 34. Rb7 Bc3 35. Rb3 Bf6 36. Rd3 Re8+ 37.
Re3 Rc8 38. Bd6 Rc2+ 39. Kf3 Bg5 40. Re2 Rc6 41. Be5 h5 42. Rb2 Rc5 43.
Rb8+ Kh7 44. Ke4 1/2-1/2

[Event "Match"]
[Site "Astana KAZ"]
[Date "2003.01.16"]
[Round "6"]
[White "Sadvakasov,D"]
[Black "Korchnoi,V"]
[Result "1/2-1/2"]
[WhiteElo "2523"]
[BlackElo "2642"]
[EventDate "2003.01.10"]

1. e4 e5 2. Nf3 Nc6 3. Bb5 a6 4. Ba4 f5 5. d4 exd4 6. e5 Bc5 7. O-O Nge7 8.
Bb3 d5 9. exd6 Qxd6 10. Re1 h6 11. Nbd2 b5 12. a4 Rb8 13. axb5 axb5 14. c4
b4 15. Ba4 O-O 16. Nb3 f4 17. Nfd2 f3 18. Ne4 Qg6 19. Ng3 Bd6 20. Nxd4 Nxd4
21. Qxd4 fxg2 22. c5 Bxg3 23. hxg3 Qh5 24. Qh4 Qf3 25. Qc4+ Kh8 26. Qe2 Qf5
27. f4 Ng8 28. Be3 Qg6 29. Qxg2 Bf5 30. Bc6 Rbd8 31. Rad1 Bh3 32. Qxh3 Qxc6
33. Qg2 Qf6 34. Qc2 Ne7 35. Bf2 Nf5 36. Rxd8 Rxd8 37. Re5 Rf8 38. Qc4 Qg6
39. Qe4 h5 40. Re6 Qg4 41. Qe2 Rd8 42. Qxg4 hxg4 43. Re5 g6 44. Re4 b3 45.
Rb4 Rd3 46. Rb7 c6 47. Rc7 Rd1+ 48. Kg2 Rd2 49. Rxc6 Rxb2 50. Rb6 Kg7 51.
c6 Ne7 52. c7 Kf8 53. Rb8+ Kf7 54. Kf1 Rc2 55. Rxb3 Rxc7 56. Rb5 Nf5 57.
Rb3 Rc6 58. Kg2 Ke6 59. Rb5 Rc2 60. Kf1 Nd6 61. Re5+ Kf6 62. Bd4 Nf5 63.
Bf2 Nd4 1/2-1/2